[Event "Olympiad-44"]
[Site "Chennai"]
[Date "2022.07.29"]
[Round "1.2"]
[White "Hillarp Persson, Tiger"]
[Black "Blackman, Justin"]
[Result "1/2-1/2"]
[WhiteElo "2516"]
[BlackElo "2195"]
[PlyCount "92"]
[EventDate "2022.07.29"]
[EventType "team-swiss"]
[EventRounds "11"]
[EventCountry "IND"]
[SourceTitle "CBM 210"]
[Source "ChessBase"]
[SourceDate "2022.10.31"]
[SourceVersion "1"]
[SourceVersionDate "2022.10.31"]
[SourceQuality "1"]
[WhiteTeam "Sweden"]
[BlackTeam "Barbados"]
[WhiteTeamCountry "SWE"]
[BlackTeamCountry "BAR"]

1. Nf3 Nf6 2. g3 e6 3. Bg2 d5 4. 0-0 Be7 5. d3 c5 6. Nbd2 Nc6 7. e4 b6 8. Re1 Bb7 9. Qe2 Qc7 10. c3 0-0 11. e5 Nd7 12. Nf1 b5 13. Bf4 Nb6 14. h4 Rfd8 15. d4 b4 16. N1h2 bxc3 17. bxc3 cxd4 18. Nxd4 Na4 19. Rac1 Rac8 20. Qg4 Nc5 21. Bf1 Ba6 22. Bxa6 Nxa6 23. Bg5 Bxg5 24. Qxg5 h6 25. Qe3 Nxd4 26. cxd4 Qa5 27. a3 Rc4 28. Nf3 Rdc8 29. Kg2 Rc3 30. Qd2 R8c4 31. Rxc3 Qxc3 32. Qxc3 Rxc3 33. Rb1 Kf8 34. Rb7 Rc7 35. Rb5 Ke8 36. h5 Kd7 37. g4 Kc8 38. g5 Rc3 39. g6 fxg6 40. hxg6 Rxa3 41. Ng1 Ra4 42. Ne2 Nc7 43. Rb3 Ra2 44. Nf4 Ra4 45. Ne2 Ra2 46. Nf4 Ra4 1/2-1/2

[Event "Titled Tuesday intern op 31st May Early"]
[Site "Chess.com INT"]
[Date "2022.05.31"]
[Round "2"]
[White "Blackman, Justin"]
[Black "Drygalov, Sergey"]
[Result "1-0"]
[WhiteElo "2195"]
[BlackElo "2546"]
[PlyCount "113"]
[EventDate "2022.05.31"]
[EventType "swiss (blitz)"]
[EventRounds "11"]
[EventCountry "USA"]
[SourceTitle "CBM 208 Extra"]
[Source "ChessBase"]
[SourceDate "2022.07.31"]
[SourceVersion "1"]
[SourceVersionDate "2022.07.31"]
[SourceQuality "1"]

1. e4 c5 2. Nf3 e6 3. d4 cxd4 4. Nxd4 a6 5. c4 Nf6 6. Nc3 Bb4 7. Qd3 Qc7 8. Be2 Nc6 9. Nxc6 dxc6 10. 0-0 0-0 11. a3 Bxc3 12. Qxc3 Nxe4 13. Qc2 Nf6 14. Bg5 Qe5 15. Bh4 Qe4 16. Qxe4 Nxe4 17. Rfd1 g5 18. Bf3 gxh4 19. Bxe4 e5 20. Rd6 Be6 21. c5 a5 22. Rad1 a4 23. f3 Ra5 24. Rc1 Kg7 25. Kf2 h5 26. Ke3 Kf6 27. Rc3 Rg8 28. Rc2 Rb5 29. Rdd2 Ke7 30. Bd3 Rb3 31. Kf2 Rd8 32. Ke2 h3 33. gxh3 Bxh3 34. Bc4 Rg8 35. Bxb3 axb3 36. Rc3 Be6 37. Rc1 Bd5 38. Kf2 Rg6 39. Re1 Ke6 40. Rde2 f6 41. Rg1 Rxg1 42. Kxg1 Bxf3 43. Re3 Bd5 44. Rh3 e4 45. Rxh5 f5 46. Kf2 f4 47. h4 Kf6 48. Rg5 Bc4 49. Rh5 Bd3 50. Rg5 Bc2 51. Rh5 Bd1 52. Rg5 e3+ 53. Ke1 Bf3 54. a4 Bd5 55. Ke2 Be4 56. a5 Bd5 57. Rxd5 1-0

[Event "Titled Tuesday intern op 31st May Late"]
[Site "Chess.com INT"]
[Date "2022.05.31"]
[Round "10"]
[White "Blackman, Justin"]
[Black "Nazaretyan, Tigran"]
[Result "1/2-1/2"]
[WhiteElo "2195"]
[BlackElo "2316"]
[PlyCount "137"]
[EventDate "2022.05.31"]
[EventType "swiss (blitz)"]
[EventRounds "11"]
[EventCountry "USA"]
[SourceTitle "CBM 208 Extra"]
[Source "ChessBase"]
[SourceDate "2022.07.31"]
[SourceVersion "1"]
[SourceVersionDate "2022.07.31"]
[SourceQuality "1"]

1. e4 c5 2. Nf3 Nc6 3. d4 cxd4 4. Nxd4 Nf6 5. Nc3 d6 6. Bg5 e6 7. Qd2 a6 8. 0-0-0 Bd7 9. f4 h6 10. Bh4 g5 11. fxg5 Ng4 12. h3 Nge5 13. Kb1 Be7 14. Be2 hxg5 15. Bf2 Qc7 16. Rhf1 0-0-0 17. Nb3 Na5 18. Bd4 Nac4 19. Qe1 f6 20. Qf2 Kb8 21. Nd2 Rc8 22. Nxc4 Nxc4 23. Rd3 Ne5 24. Rdd1 Rhf8 25. a3 Bc6 26. Qe3 b5 27. Bxe5 dxe5 28. Bg4 Bd7 29. Rd2 Bc5 30. Qe1 f5 31. Bf3 f4 32. Rd3 Bd4 33. Qd2 Qb6 34. Ne2 Rc4 35. c3 Be3 36. Rxe3 fxe3 37. Qxd7 Rxe4 38. Rd1 Rc4 39. Rd6 Qc7 40. Qxe6 e4 41. Bxe4 Rxe4 42. Rb6+ Ka7 43. Rxa6+ Kb7 44. Qxe4+ Kxa6 45. Qxe3 Rf1+ 46. Kc2 Qd6 47. Nd4 Qg6+ 48. Kb3 Qf7+ 49. Qe6+ Qxe6+ 50. Nxe6 Rf5 51. g4 Re5 52. Nd4 Kb6 53. Kb4 Re3 54. c4 bxc4 55. Kxc4 Rxh3 56. b4 Rg3 57. a4 Rxg4 58. a5+ Ka6 59. Kd5 Rg1 60. Ke4 g4 61. Ne2 Rf1 62. Ng3 Rf3 63. Ne2 Rf2 64. Ke3 Rf3+ 65. Ke4 Kb5 66. Nd4+ Kxb4 67. Nxf3 Kxa5 68. Kf4 gxf3 69. Kxf3 1/2-1/2

[Event "Titled Tuesday intern op 31st May Late"]
[Site "Chess.com INT"]
[Date "2022.05.31"]
[Round "11"]
[White "Romanchuk, Viktor"]
[Black "Blackman, Justin"]
[Result "1-0"]
[WhiteElo "2266"]
[BlackElo "2195"]
[PlyCount "113"]
[EventDate "2022.05.31"]
[EventType "swiss (blitz)"]
[EventRounds "11"]
[EventCountry "USA"]
[SourceTitle "CBM 208 Extra"]
[Source "ChessBase"]
[SourceDate "2022.07.31"]
[SourceVersion "1"]
[SourceVersionDate "2022.07.31"]
[SourceQuality "1"]

1. d4 Nf6 2. c4 e6 3. Nc3 Bb4 4. e3 0-0 5. Nge2 c6 6. a3 Ba5 7. Qc2 d5 8. Ng3 Nbd7 9. Be2 Re8 10. 0-0 dxc4 11. Bxc4 e5 12. Rd1 Qe7 13. b4 Bc7 14. Bb2 Nb6 15. Bb3 Bg4 16. Rd2 Rad8 17. Nce4 exd4 18. Rxd4 Rxd4 19. Nxf6+ Qxf6 20. Bxd4 Qg6 21. Qxg6 hxg6 22. f3 Be6 23. Bxe6 Rxe6 24. Kf2 f6 25. Ne4 Re7 26. h3 Bb8 27. Bc5 Rd7 28. Ke2 Nc4 29. Ra2 b6 30. Bd4 Kf7 31. Nd2 Nxd2 32. Rxd2 Ke6 33. a4 Be5 34. Bxe5 Rxd2+ 35. Kxd2 Kxe5 36. Kd3 f5 37. Kc4 g5 38. g3 a6 39. a5 bxa5 40. bxa5 Kd6 41. h4 gxh4 42. gxh4 g6 43. e4 f4 44. Kd4 Ke6 45. Kc5 Kd7 46. Kb6 Kd6 47. Kxa6 Kc7 48. e5 Kd7 49. Kb6 Ke6 50. a6 Kxe5 51. a7 Kd4 52. a8Q Ke3 53. Qxc6 Kf2 54. Qe4 Kg3 55. Qxg6+ Kxf3 56. h5 Ke2 57. Qe4+ 1-0

[Event "Titled Tuesday intern op 31st May Late"]
[Site "Chess.com INT"]
[Date "2022.05.31"]
[Round "1"]
[White "Vasquez Schroder, Rodrigo Rafael"]
[Black "Blackman, Justin"]
[Result "1-0"]
[WhiteElo "2506"]
[BlackElo "2195"]
[PlyCount "95"]
[EventDate "2022.05.31"]
[EventType "swiss (blitz)"]
[EventRounds "11"]
[EventCountry "USA"]
[SourceTitle "CBM 208 Extra"]
[Source "ChessBase"]
[SourceDate "2022.07.31"]
[SourceVersion "1"]
[SourceVersionDate "2022.07.31"]
[SourceQuality "1"]

1. e4 e5 2. Nf3 Nc6 3. Bb5 Nge7 4. c3 a6 5. Ba4 g6 6. d4 exd4 7. cxd4 d5 8. exd5 Nxd5 9. Bxc6+ bxc6 10. 0-0 Bg7 11. Re1+ Be6 12. Bg5 Qd6 13. Nbd2 0-0 14. Nc4 Qb4 15. Rc1 c5 16. Bd2 Qb5 17. a4 Qc6 18. Nce5 Qb7 19. Rxc5 Qxb2 20. Ba5 Rab8 21. Bxc7 Nxc7 22. Rxc7 Bd5 23. Rc5 Rfd8 24. h3 Rb4 25. Nd3 Bxf3 26. Qxf3 Qxd4 27. Rc7 Rf8 28. Nxb4 Qxb4 29. Qe4 Qb6 30. Rd7 h6 31. Qc4 Bf6 32. g3 Kg7 33. Kg2 h5 34. h4 a5 35. Re3 Qb8 36. Rf3 Qb6 37. Rc7 Qd4 38. Qxd4 Bxd4 39. Rd3 Bf6 40. Rd5 Bd8 41. Rc8 Bb6 42. Rxf8 Kxf8 43. Rd6 Bc5 44. Rc6 Bb4 45. f3 Ke7 46. g4 hxg4 47. fxg4 Kf8 48. h5 1-0

[Event "Titled Tuesday intern op 31st May Late"]
[Site "Chess.com INT"]
[Date "2022.05.31"]
[Round "5"]
[White "Wang, Michael Lei"]
[Black "Blackman, Justin"]
[Result "0-1"]
[WhiteElo "1798"]
[BlackElo "2195"]
[PlyCount "52"]
[EventDate "2022.05.31"]
[EventType "swiss (blitz)"]
[EventRounds "11"]
[EventCountry "USA"]
[SourceTitle "CBM 208 Extra"]
[Source "ChessBase"]
[SourceDate "2022.07.31"]
[SourceVersion "1"]
[SourceVersionDate "2022.07.31"]
[SourceQuality "1"]

1. d4 Nf6 2. c4 e6 3. Nc3 Bb4 4. e3 0-0 5. Bd3 d5 6. Nf3 Nbd7 7. c5 c6 8. a3 Ba5 9. b4 Bc7 10. Bb2 e5 11. dxe5 Nxe5 12. Nxe5 Bxe5 13. Na4 Qe7 14. 0-0 Re8 15. Be2 Ne4 16. Bf3 Bf5 17. Qe2 Rad8 18. Rad1 Qf6 19. Bxe5 Rxe5 20. Qb2 Rde8 21. Nc3 R5e6 22. Na4 Qg6 23. Nc3 Ng5 24. Be2 h5 25. Qd2 h4 26. Bd3 Nf3+ 0-1

[Event "Titled Tuesday intern op 24th May Late"]
[Site "Chess.com INT"]
[Date "2022.05.24"]
[Round "6"]
[White "Blackman, Justin"]
[Black "Kim, Sergey2222"]
[Result "0-1"]
[WhiteElo "2195"]
[BlackElo "2295"]
[PlyCount "118"]
[EventDate "2022.05.24"]
[EventType "swiss (blitz)"]
[EventRounds "11"]
[EventCountry "USA"]
[SourceTitle "EXT 2023"]
[Source "ChessBase"]
[SourceDate "2022.10.05"]
[SourceVersion "1"]
[SourceVersionDate "2022.10.05"]
[SourceQuality "1"]

1. e4 e5 2. Nf3 Nc6 3. Bb5 a6 4. Ba4 Nf6 5. Qe2 b5 6. Bb3 Bc5 7. 0-0 d6 8. c3 h6 9. Rd1 Bg4 10. d3 0-0 11. Nbd2 Bb6 12. h3 Bh5 13. Nf1 Ne7 14. Ng3 Ng6 15. d4 exd4 16. cxd4 Re8 17. Nxh5 Nxh5 18. a4 Nhf4 19. Qc2 Qf6 20. Kh2 c5 21. axb5 axb5 22. Rxa8 Rxa8 23. e5 dxe5 24. dxc5 Bc7 25. Qe4 Rd8 26. Rxd8+ Bxd8 27. g3 Ne6 28. Be3 Bc7 29. Kg2 Qe7 30. Bxe6 Qxe6 31. b4 f5 32. Qb7 Qd7 33. c6 Qf7 34. Qxb5 f4 35. Bb6 e4 36. Bxc7 exf3+ 37. Kh2 Qxc7 38. g4 Qa7 39. Qd5+ Kh7 40. Qxf3 Qb6 41. h4 Qxb4 42. Qd3 Qc5 43. h5 Qxf2+ 44. Kh1 Qh4+ 45. Kg2 Qxg4+ 46. Kf1 Qxh5 47. c7 Qc5 48. Qd7 Ne7 49. Qd3+ g6 50. Qd7 h5 51. c8Q Qxc8 52. Qxe7+ Kh6 53. Qe5 Qf5 54. Qh8+ Kg5 55. Qd8+ Kg4 56. Qd1+ f3 57. Qd4+ Qf4 58. Qd7+ Kg3 59. Qd3 Qc1+ 0-1

[Event "Titled Tuesday intern op 24th May Late"]
[Site "Chess.com INT"]
[Date "2022.05.24"]
[Round "2"]
[White "Vasquez Schroder, Rodrigo Rafael"]
[Black "Blackman, Justin"]
[Result "1-0"]
[WhiteElo "2506"]
[BlackElo "2195"]
[PlyCount "73"]
[EventDate "2022.05.24"]
[EventType "swiss (blitz)"]
[EventRounds "11"]
[EventCountry "USA"]
[SourceTitle "EXT 2023"]
[Source "ChessBase"]
[SourceDate "2022.10.05"]
[SourceVersion "1"]
[SourceVersionDate "2022.10.05"]
[SourceQuality "1"]

1. e4 e5 2. Nf3 Nc6 3. Bb5 Nge7 4. c3 a6 5. Ba4 d6 6. d4 Bd7 7. d5 Nb8 8. c4 g6 9. h4 h6 10. h5 g5 11. Nh2 Bg7 12. Nf1 f5 13. exf5 Nxf5 14. Nc3 0-0 15. Bc2 b5 16. Nd2 bxc4 17. Nxc4 a5 18. 0-0 Na6 19. Ne4 Qe8 20. a3 a4 21. Be3 Rb8 22. Rb1 Bb5 23. Bd3 Qf7 24. Be2 Ne7 25. Nc3 Bd7 26. Nxd6 cxd6 27. Bxa6 Bf5 28. Bd3 Bd7 29. Be2 Rb7 30. Bg4 Bxg4 31. Qxg4 Nxd5 32. Nxd5 Qxd5 33. Qxa4 Rb3 34. Rfd1 Qb7 35. Rxd6 Rxb2 36. Rxb2 Qxb2 37. Rd1 1-0

[Event "Titled Tuesday intern op 10th May Late"]
[Site "Chess.com INT"]
[Date "2022.05.10"]
[Round "4"]
[White "Gomez Ledo, Roberto Carlos"]
[Black "Blackman, Justin"]
[Result "1-0"]
[WhiteElo "2469"]
[BlackElo "2195"]
[PlyCount "89"]
[EventDate "2022.05.10"]
[EventType "swiss (blitz)"]
[EventRounds "11"]
[EventCountry "USA"]
[SourceTitle "CBM 208 Extra"]
[Source "ChessBase"]
[SourceDate "2022.07.31"]
[SourceVersion "1"]
[SourceVersionDate "2022.07.31"]
[SourceQuality "1"]

1. d4 Nf6 2. Bf4 e6 3. e3 d5 4. Nf3 Bd6 5. Nbd2 0-0 6. Bd3 c5 7. c3 Nc6 8. Bg3 b6 9. e4 Be7 10. e5 Nd7 11. a3 a5 12. Qe2 Bb7 13. h4 h6 14. Bf4 Qc8 15. Qe3 f5 16. Bxh6 Ba6 17. Bg5 Bxd3 18. Qxd3 b5 19. Bxe7 Nxe7 20. Ng5 Ra6 21. Qf3 Qe8 22. Qe2 Rb6 23. b4 axb4 24. axb4 cxd4 25. cxd4 Nb8 26. Qd3 Nec6 27. Qc3 Na6 28. Rb1 Qe7 29. 0-0 Ncxb4 30. Nb3 Rc6 31. Qf3 g6 32. Qg3 Kg7 33. Nh3 Rh8 34. Nf4 Rh6 35. Nc5 Nxc5 36. dxc5 Na6 37. Rxb5 Nxc5 38. Qg5 Qxg5 39. hxg5 Rh4 40. g3 Rxf4 41. gxf4 Nd3 42. Rb7+ Kf8 43. Ra1 Rc8 44. Rh7 Nxf4 45. Rh8+ 1-0

[Event "Titled Tuesday intern op 19th Apr Late"]
[Site "Chess.com INT"]
[Date "2022.04.19"]
[Round "10"]
[White "Blackman, Justin"]
[Black "Carrasco Miranda, Andres"]
[Result "0-1"]
[WhiteElo "2184"]
[BlackElo "2285"]
[PlyCount "100"]
[EventDate "2022.04.19"]
[EventType "swiss (blitz)"]
[EventRounds "11"]
[EventCountry "USA"]
[SourceTitle "EXT 2023"]
[Source "ChessBase"]
[SourceDate "2022.10.05"]
[SourceVersion "1"]
[SourceVersionDate "2022.10.05"]
[SourceQuality "1"]

1. e4 c5 2. Nf3 d6 3. b3 Nf6 4. Nc3 g6 5. Bb2 Bg7 6. Bb5+ Bd7 7. Bd3 Nc6 8. 0-0 0-0 9. Re1 e5 10. Bc4 Nd4 11. h3 Rb8 12. a4 a6 13. Nd5 b5 14. Nxf6+ Bxf6 15. axb5 axb5 16. Bd5 Be6 17. Bxd4 cxd4 18. Bxe6 fxe6 19. Qe2 Rb7 20. Ra2 Qc7 21. Rea1 Bd8 22. Ne1 Qf7 23. Nd3 Bb6 24. b4 Qe8 25. Qg4 Kg7 26. Kh2 Rbf7 27. Ra6 Bc7 28. Ra7 d5 29. Rb7 Qc6 30. Raa7 dxe4 31. Nc5 e3 32. dxe3 e4+ 33. Rxc7 Rxc7 34. Rxc7+ Qxc7+ 35. Kg1 Rf6 36. Qxe4 dxe3 37. Qxe3 Qd6 38. c3 Qd5 39. f4 h5 40. Kh2 Kf7 41. Nd3 Rf5 42. Ne5+ Rxe5 43. fxe5 Qc4 44. Kg3 Kg7 45. Qd4 Qf1 46. Qd7+ Kh6 47. Qxe6 Qd3+ 48. Kh2 Qxc3 49. Qf6 Qxb4 50. Qf4+ Qxf4+ 0-1

[Event "Titled Tuesday intern op 19th Apr Late"]
[Site "Chess.com INT"]
[Date "2022.04.19"]
[Round "7"]
[White "Foisor, Sabina Francesca"]
[Black "Blackman, Justin"]
[Result "1-0"]
[WhiteElo "2208"]
[BlackElo "2184"]
[PlyCount "89"]
[EventDate "2022.04.19"]
[EventType "swiss (blitz)"]
[EventRounds "11"]
[EventCountry "USA"]
[SourceTitle "EXT 2023"]
[Source "ChessBase"]
[SourceDate "2022.10.05"]
[SourceVersion "1"]
[SourceVersionDate "2022.10.05"]
[SourceQuality "1"]

1. d4 Nf6 2. c4 e6 3. Nf3 Bb4+ 4. Bd2 a5 5. g3 0-0 6. Bg2 Nc6 7. 0-0 d6 8. a3 Bxd2 9. Nbxd2 a4 10. Qc2 Bd7 11. Rfd1 Qe7 12. b4 axb3 13. Nxb3 e5 14. d5 Na5 15. c5 Ba4 16. Nfd2 dxc5 17. Rdb1 Nd7 18. Qc3 Nxb3 19. Nxb3 Rab8 20. Na5 Nb6 21. Rc1 c4 22. Nxc4 Nd7 23. h4 Rfc8 24. Rab1 e4 25. Rb4 b5 26. Na5 Qd6 27. Bxe4 Nf6 28. Bg2 Nxd5 29. Bxd5 Qxd5 30. Rd4 Qe6 31. Nc6 Rb6 32. Nb4 c5 33. Qxc5 Rbb8 34. Qg5 h6 35. Qd2 Rxc1+ 36. Qxc1 Qxe2 37. Qd2 Qf3 38. Qf4 Qb7 39. Qe4 Qc7 40. Kh2 Rf8 41. Nd5 Qa7 42. Qg4 Bb3 43. Nf6+ Kh8 44. Nh5 f5 45. Qf4 1-0

[Event "Titled Tuesday intern op 19th Apr Late"]
[Site "Chess.com INT"]
[Date "2022.04.19"]
[Round "9"]
[White "Sarkar, Justin"]
[Black "Blackman, Justin"]
[Result "1-0"]
[WhiteElo "2314"]
[BlackElo "2184"]
[PlyCount "141"]
[EventDate "2022.04.19"]
[EventType "swiss (blitz)"]
[EventRounds "11"]
[EventCountry "USA"]
[SourceTitle "EXT 2023"]
[Source "ChessBase"]
[SourceDate "2022.10.05"]
[SourceVersion "1"]
[SourceVersionDate "2022.10.05"]
[SourceQuality "1"]

1. e4 e5 2. Nc3 Nc6 3. f4 exf4 4. d4 d6 5. Nf3 Be7 6. Bxf4 Nf6 7. d5 Nb8 8. Bd3 0-0 9. 0-0 Nbd7 10. b4 Ng4 11. h3 Nge5 12. Nd4 Bg5 13. Qd2 Bxf4 14. Qxf4 Ng6 15. Qg3 Nde5 16. Nf5 Re8 17. a3 a5 18. Kh2 Bd7 19. Ne2 h6 20. Ned4 Qg5 21. h4 Qxg3+ 22. Kxg3 h5 23. Be2 Ne7 24. Nxe7+ Rxe7 25. Bxh5 Nc4 26. Bf3 Nd2 27. Rfe1 axb4 28. axb4 Rxa1 29. Rxa1 Nxe4+ 30. Kh2 Nd2 31. Ra7 Nxf3+ 32. gxf3 Bc8 33. Ra8 Re8 34. Nb5 Bd7 35. Rxe8+ Bxe8 36. Nxc7 Bd7 37. c4 Kf8 38. c5 Ke7 39. Kg3 Kd8 40. cxd6 Bb5 41. Kf4 Kd7 42. Ke5 f6+ 43. Kd4 Be2 44. f4 Kxd6 45. Ne8+ Ke7 46. Nxg7 Bg4 47. h5 Kf7 48. h6 Kg6 49. d6 Kxh6 50. f5 Kxg7 51. d7 Bxf5 52. d8Q Kg6 53. Qc7 Be4 54. Qd6 Bc6 55. Kc5 Kg5 56. b5 Bxb5 57. Kxb5 f5 58. Kb6 f4 59. Kxb7 Kg4 60. Qd4 Kg3 61. Qg1+ Kf3 62. Kc6 Ke2 63. Kd5 f3 64. Qg4 Ke3 65. Qe4+ Kf2 66. Ke5 Kg3 67. Qf4+ Kg2 68. Qg4+ Kf2 69. Kf4 Ke1 70. Qxf3 Kd2 71. Ke4 1-0

[Event "San Pedro de Macoris zt"]
[Site "San Pedro de Macoris"]
[Date "2021.11.09"]
[Round "2"]
[White "Blackman, Justin"]
[Black "Pinales Roussel, Gabriel"]
[Result "1-0"]
[WhiteElo "2192"]
[BlackElo "2071"]
[PlyCount "135"]
[EventDate "2021.11.08"]
[EventType "swiss"]
[EventRounds "9"]
[EventCountry "DOM"]
[SourceTitle "EXT 2023"]
[Source "ChessBase"]
[SourceDate "2022.10.05"]
[SourceVersion "1"]
[SourceVersionDate "2022.10.05"]
[SourceQuality "1"]

1. d4 d5 2. c4 e6 3. Nc3 a6 4. cxd5 exd5 5. Nf3 Nf6 6. Bg5 Be6 7. e3 Nbd7 8. Be2 Bd6 9. Rc1 c6 10. a3 0-0 11. Bh4 Qc7 12. Bg3 Rae8 13. Nd2 Qb8 14. 0-0 Bxg3 15. hxg3 Bf5 16. Nb3 Qd8 17. Qd2 h6 18. Rfe1 Qb6 19. Bd1 Ne4 20. Nxe4 Bxe4 21. Qc3 Re7 22. Na5 Nf6 23. b4 Ne8 24. Re2 Nd6 25. a4 Bf5 26. Rb2 Be6 27. Be2 Rc8 28. Nb3 Qd8 29. Nc5 Ne4 30. Nxe4 dxe4 31. Qc5 Bd5 32. Bg4 Rcc7 33. Qb6 g6 34. Rc5 h5 35. Be2 Rc8 36. Qxd8+ Rxd8 37. Rb1 Kf8 38. g4 hxg4 39. Bxg4 f5 40. Be2 Ke8 41. Bc4 Red7 42. Bxd5 Rxd5 43. Kh2 Ke7 44. Kg3 Kf6 45. Rh1 Rxc5 46. bxc5 Rd7 47. Rh8 Kg7 48. Rb8 Kf6 49. a5 g5 50. Re8 Rd5 51. Kh3 Rd7 52. g4 Rd5 53. gxf5 Rxf5 54. Kg2 Rd5 55. Rxe4 Rd8 56. Rg4 Kf5 57. Kf3 Rh8 58. Rg1 Kf6 59. Rb1 Rh3+ 60. Kg4 Rh2 61. Kg3 Rh7 62. Rb6 Re7 63. d5 Rc7 64. d6 Rh7 65. Rb4 Ke5 66. Rd4 Ke6 67. Kg4 Rg7 68. f3 1-0

[Event "American World Cup Q Prelim"]
[Site "Tornelo INT"]
[Date "2021.05.09"]
[Round "7"]
[White "Blackman, Justin"]
[Black "Escobar Medina, Andres F"]
[Result "1-0"]
[WhiteElo "2192"]
[BlackElo "2298"]
[PlyCount "41"]
[EventDate "2021.05.08"]
[EventType "swiss (rapid)"]
[EventRounds "9"]
[EventCountry "USA"]
[SourceTitle "CBM 202 Extra"]
[Source "ChessBase"]
[SourceDate "2021.07.31"]
[SourceVersion "1"]
[SourceVersionDate "2021.07.31"]
[SourceQuality "1"]

1. d4 Nf6 2. c4 e6 3. Nc3 Bb4 4. Qc2 0-0 5. a3 Bxc3+ 6. Qxc3 d5 7. Nf3 dxc4 8. Qxc4 b6 9. Bg5 Ba6 10. Qc2 Nbd7 11. e4 Bxf1 12. Rxf1 h6 13. Bxf6 Nxf6 14. 0-0-0 Rc8 15. Kb1 Qe7 16. Qc6 Rfd8 17. Rfe1 a5 18. Ne5 Qd6 19. Qc2 Nd7 20. Nc6 Rf8 21. e5 1-0

[Event "American World Cup Q Prelim"]
[Site "Tornelo INT"]
[Date "2021.05.09"]
[Round "9"]
[White "Blackman, Justin"]
[Black "Villegas, Franco"]
[Result "0-1"]
[WhiteElo "2192"]
[BlackElo "2210"]
[PlyCount "70"]
[EventDate "2021.05.08"]
[EventType "swiss (rapid)"]
[EventRounds "9"]
[EventCountry "USA"]
[SourceTitle "CBM 202 Extra"]
[Source "ChessBase"]
[SourceDate "2021.07.31"]
[SourceVersion "1"]
[SourceVersionDate "2021.07.31"]
[SourceQuality "1"]

1. e4 c5 2. Nf3 e6 3. d4 cxd4 4. Nxd4 Nf6 5. Nc3 d6 6. g4 h6 7. Rg1 Nc6 8. h4 d5 9. g5 Nxe4 10. Nxe4 dxe4 11. Bb5 Bd7 12. Nxc6 Bxc6 13. Bxc6+ bxc6 14. Qe2 Qd5 15. Bf4 Rd8 16. a3 e5 17. Bd2 hxg5 18. hxg5 Bc5 19. b4 Bd4 20. Rd1 Rh2 21. Rf1 Rh3 22. c4 Qd6 23. Qxe4 Bc3 24. Qc2 Rd3 25. Bxc3 Rxd1+ 26. Ke2 Rd3 27. Re1 Qd7 28. Bxe5 Rd2+ 29. Qxd2 Qxd2+ 30. Kf1 Kf8 31. g6 Qd3+ 32. Re2 Qxg6 33. Re1 Rd3 34. c5 Rh3 35. Re3 Rxe3 0-1

[Event "Titled Tuesday intern op 22nd Dec"]
[Site "Chess.com INT"]
[Date "2020.12.22"]
[Round "8"]
[White "Colbow, Collin"]
[Black "Blackman, Justin"]
[Result "0-1"]
[WhiteElo "2339"]
[BlackElo "2192"]
[PlyCount "152"]
[EventDate "2020.12.22"]
[EventType "swiss (blitz)"]
[EventRounds "11"]
[EventCountry "USA"]
[SourceTitle "CBM 199 Extra"]
[Source "ChessBase"]
[SourceDate "2021.01.31"]
[SourceVersion "1"]
[SourceVersionDate "2021.01.31"]
[SourceQuality "1"]

1. e4 c5 2. Nf3 d6 3. d4 cxd4 4. Nxd4 Nf6 5. Nc3 a6 6. Be2 e5 7. Nb3 Be7 8. Be3 Be6 9. Qd3 Nbd7 10. 0-0 Rc8 11. Nd5 Bxd5 12. exd5 Nb6 13. Bxb6 Qxb6 14. c4 a5 15. Qe3 Qc7 16. Rac1 b6 17. Nd2 0-0 18. Nb1 Nd7 19. Nc3 Nc5 20. b3 f5 21. f4 e4 22. Nb5 Qd8 23. a3 a4 24. b4 Nb3 25. Rcd1 Bf6 26. Na7 Ra8 27. Nc6 Qc7 28. g4 g6 29. gxf5 gxf5 30. Kh1 Kh8 31. Rg1 Rg8 32. Qh3 Qd7 33. Rxg8+ Rxg8 34. Rg1 Rxg1+ 35. Kxg1 Qg7+ 36. Kf1 Qg6 37. Qh5 Bb2 38. Qh4 Bf6 39. Qh5 Kg7 40. Qxg6+ hxg6 41. Na7 Bd8 42. Nb5 Be7 43. Bd1 Nd2+ 44. Ke2 Nxc4 45. Bxa4 Kf6 46. Bb3 Nb2 47. a4 Nd3 48. a5 Nxb4 49. axb6 Na6 50. b7 Nb8 51. Na7 Bd8 52. Nc6 Bc7 53. h3 g5 54. Nxb8 Bxb8 55. fxg5+ Kxg5 56. Bc2 Kf4 57. Kf2 Ke5 58. h4 Kf4 59. h5 Kg5 60. Bd1 f4 61. Ke2 Ba7 62. Kd2 f3 63. Bc2 e3+ 64. Ke1 Kxh5 65. Bd1 Kg4 66. Kf1 Kg3 67. Ke1 Kg2 68. Bxf3+ Kxf3 69. Kd1 Kf2 70. Kc2 e2 71. Kb3 e1Q 72. Kc4 Qa5 73. Kb3 Qxd5+ 74. Kc2 Qxb7 75. Kc1 Qb3 76. Kd2 Be3# 0-1

[Event "Titled Tuesday intern op 29th Sept"]
[Site "Chess.com INT"]
[Date "2020.09.29"]
[Round "5"]
[White "Blackman, Justin"]
[Black "Tarasova, Viktoriya"]
[Result "1/2-1/2"]
[WhiteElo "2192"]
[BlackElo "2226"]
[PlyCount "70"]
[EventDate "2020.09.29"]
[EventType "swiss (blitz)"]
[EventRounds "10"]
[EventCountry "USA"]
[SourceTitle "CBM 198 Extra"]
[Source "ChessBase"]
[SourceDate "2020.11.30"]
[SourceVersion "1"]
[SourceVersionDate "2020.11.30"]
[SourceQuality "1"]

1. e4 c5 2. d4 cxd4 3. Qxd4 Nc6 4. Qe3 g6 5. Nc3 Bg7 6. Bd2 d6 7. 0-0-0 a6 8. h4 Nf6 9. f3 h5 10. Nh3 b5 11. Kb1 Be6 12. Nf4 Bd7 13. Ncd5 Nxd5 14. exd5 Ne5 15. Bc3 a5 16. Bd4 0-0 17. g4 hxg4 18. h5 Bf5 19. hxg6 fxg6 20. Ne6 Bxe6 21. dxe6 Rxf3 22. Qd2 Qf8 23. Bxb5 Rb8 24. a4 g3 25. Rdf1 Rxf1+ 26. Rxf1 Nf3 27. Qd3 Bxd4 28. Rxf3 g2 29. Rg3 Rxb5 30. Qxg6+ Bg7 31. axb5 Qf1+ 32. Ka2 Qc4+ 33. Kb1 Qf1+ 34. Ka2 Qc4+ 35. Kb1 Qf1+ 1/2-1/2

[Event "Titled Tuesday intern op 29th Sept"]
[Site "Chess.com INT"]
[Date "2020.09.29"]
[Round "2"]
[White "Garcia Almaguer, Juan Manuel"]
[Black "Blackman, Justin"]
[Result "1-0"]
[WhiteElo "2206"]
[BlackElo "2192"]
[PlyCount "33"]
[EventDate "2020.09.29"]
[EventType "swiss (blitz)"]
[EventRounds "10"]
[EventCountry "USA"]
[SourceTitle "CBM 198 Extra"]
[Source "ChessBase"]
[SourceDate "2020.11.30"]
[SourceVersion "1"]
[SourceVersionDate "2020.11.30"]
[SourceQuality "1"]

1. d4 Nf6 2. Nc3 e6 3. Bf4 d5 4. e3 Bd6 5. Qf3 0-0 6. Bd3 c5 7. dxc5 Bxc5 8. 0-0-0 Nbd7 9. Bg5 Ne5 10. Qg3 Nxd3+ 11. Rxd3 Kh8 12. Nge2 a6 13. e4 d4 14. e5 Nh5 15. Qh4 Qc7 16. Qxh5 dxc3 17. Rh3 1-0